000 00434nam a2200193Ia 4500
005 20240823015805.0
008 240823s9999||||xx |||||||||||||| ||und||
020 _a81-8355-021-5
041 _aENGLISH
082 _A621.3 N6
100 _aGKP
245 0 _aGate in Electrical Engineering
250 _a1st
260 _c1996
_b#VALUE!
500 _aYES
650 _aElectrical
_bElectrical
942 _cBK
999 _c173246
_d173246